| 000 | 00423nam a2200157Ia 4500 | ||
|---|---|---|---|
| 008 | 230524s9999 xx 000 0 und d | ||
| 082 |
_a658.4012 _bCHE |
||
| 100 | _aFrancis Cherunilam | ||
| 245 | 0 | _aStrategic Management : A Book on Business Policy/ Corporate Planning | |
| 250 | _aIST | ||
| 260 |
_aMUMBAI _bHimalaya _c2009 |
||
| 300 | _aVII;262 | ||
| 500 | _aQuantity Number: 5 | ||
| 650 | _aManagement | ||
| 942 | _cBK | ||
| 999 |
_c46787 _d46787 |
||